Normal view MARC view
  • हरी रं

Entry Personal Name

Number of records used in: 1

001 - CONTROL NUMBER

  • control field: 216655

003 - CONTROL NUMBER IDENTIFIER

  • control field: OSt

005 - DATE AND TIME OF LATEST TRANSACTION

  • control field: 20260206135713.0

008 - FIXED-LENGTH DATA ELEMENTS

  • fixed length control field: 260206|| aca||aabn | a|a d

040 ## - CATALOGING SOURCE

  • Original cataloging agency: OSt
  • Transcribing agency: OSt

100 ## - HEADING--PERSONAL NAME

  • Personal name: हरी रं

670 ## - SOURCE DATA FOUND

  • Source citation: Work cat.: (OSt)370200: हरी रं., गोव्यातील धर्मांतर कथा आणि व्यथा , 2024